00621nam a2200145Ia 4500008004100000050002400041100002800065245010800093260008600201300002800287521002700315942000700342999001900349952010700368140724s9999 xx 000 0 und d aT 58.4b.Se456 2013 aSeguis, Gaius Joshua S. aEnhanced payslip generation for Southville International School and Colleges /cGaius Joshua S. Seguis. aLas Piñas, Philippines :bSouthville International School and Colleges,cc2013. a85 p. :bill. ;c28 cm. aInformation Technology cTH c229121d229121 001040aCLbCLcTHESESd2014-07-24l0oT 58.4 .Se456 2013pT0475r2017-03-23 00:00:00w2014-07-24yTH